000
00261nam a22001217a 4500
008
170710b xxu||||| |||| 00| 0 eng d
041
_a
eng
080
_a
82
100
_a
22
101
_a
GJL
245
_a
THE PHILOSOPHY OF RIGHT
_c
HEGEL,G.W
942
_2
udc
_c
BK
999
_c
20105
_d
20105